000 00448nam a2200181Ia 4500
001 24701
005 20260414151101.0
008 260414t2013||||xx |||||||||||||| ||spa||
041 _aESP
082 _a345.725
_bL36
100 _aLedesma Narváez, Marianella
_eAUT
245 0 _aLa tutela cautelar en el proceso civil
_b
260 _c2013
300 _a702 páginas :
_c25 cm.
650 _aDER
654 _aCDE
942 _cLIB
_dJUS
_fJUS
_2ddc
_n
999 _c24701
_d24701